00731nam a2200253 a 4500001001300000003000900013005001700022008004100039020002500080082001300105100002000118245005000138260004300188300000900231500003500240505001000275650001300285650003500298700002000333902000800353942000700361952009400368999001500462nice12345678IN_TiNIC20260116013037.0050524s1988 lona grp 000 0 eng  a0009790 c662.300a230bGRU aGruchy, John De aDietrich Bonhoefferb Witness to Jesus Christ aLondon bCollins Religious Pub. c1988 a308p aincludes index and biblioraphy2 aIndex aTheology aBonhoeffer, Dietrich-Biography1 aGruchy, John De bSRS cBK 00104070aHMIbHMId2007-08-01g662.30l0o230 GRUp015513r2007-08-01w2026-01-16yEB c9408d9408